banner-ar

EFFECTIVE TEACHING AND LEARNING IN GENERIC EDUCATION AND FOREIGN LANGUAGE TEACHING METHODOLOGY : (Record no. 9660)

MARC details
000 -الفاتح
حقل البيانات ثابتة الطول 00797nam a2200229Ia 4500
008 - عناصر البيانات ثابتة الطول - معلومات عامة
حقل البيانات ثابتة الطول 140319s9999 xx 000 0 eng d
020 ## - الرقم الدولى المعيارى للكتب
الرقم الدولى المعيارى للكتاب 9771022237
040 ## - مصدر الفهرسة
وكالة الفهرسة الأصلية GCL /
وكالة النسخ GCL
082 04 - رقم تصنيف ديوى العشرى
رقم التصنيف 371.1
رقم المادة S E
100 1# - المدخل الرئيسى - إسم شخصى
الإسم الشخصى SAAD SHAWER
245 10 - بيان العنوان
العنوان EFFECTIVE TEACHING AND LEARNING IN GENERIC EDUCATION AND FOREIGN LANGUAGE TEACHING METHODOLOGY :
بقية العنوان LEARNER'S GOGNITIVE STYLES AND STRATEGIES, FOREIGN LANGUAGE SKILLS INSTRUCTION, AND TEACHER'S PROFESSIONAL DEVELOPMENT /
بيان المسئوليه,etc SAAD SHAWER
250 ## - بيان الطبعة
بيان الطبعة FIRTST
260 ## - PUBLICATION, DISTRIBUTION, ETC. (IMPRINT)
تاريخ النشر أو التوزيع 2006
300 ## - الوصف المادى
التعداد 24 CM ؛
أبعاد الوعاء 275 P
650 04 - المدخل الاضافى بالموضوع-مصطلح موضوعى
مصطلح موضوعي TEACHING
650 04 - المدخل الاضافى بالموضوع-مصطلح موضوعى
مصطلح موضوعي TEACHING - QUALITIES
650 04 - المدخل الاضافى بالموضوع-مصطلح موضوعى
مصطلح موضوعي TEACHING - LEARING
650 04 - المدخل الاضافى بالموضوع-مصطلح موضوعى
مصطلح موضوعي EDUCATION - METHODS
650 04 - المدخل الاضافى بالموضوع-مصطلح موضوعى
مصطلح موضوعي TEACHING - LANGUAGE
942 ## - عناصر المدخل الإضافي( كوها)
مصدر التصنيف او مخطط الترفيف Dewey Decimal Classification
Koha [default] item type كتاب
260 ## - PUBLICATION, DISTRIBUTION, ETC. (IMPRINT)
-- القاهرة :
-- DAR EL-FIKR EL-ARABY ،
Holdings
حالة التراجع حالة الفقد حالة تلف ليس للاعارة المكان المؤقت الموقع الحالى تاريخ الاكتساب اجمالي اﻻعارات رقم الطلب الباركود تاريخ اخر مشاهدة تاريخ تفعيل السعر نوع وعاء كوها
        مكتبة القاهرة الكبرى مكتبة القاهرة الكبرى 03/26/2014   371.1\S E 20065 03/26/2014 03/26/2014 كتاب

Powered By

EGPV